| 000 | 01007nam a2200217Ia 4500 | ||
|---|---|---|---|
| 003 | GCL | ||
| 008 | 140319s9999 xx 000 0 ara d | ||
| 040 |
_aGCL / _cGCL |
||
| 082 | 0 | 4 |
_a184 _bر ض |
| 100 | 1 | _aابن رشد : ابوالوليد محمد بن احمد بن محمد الاندلسى القرطبى | |
| 245 | 1 | 0 |
_aالضرورى فى السياسة : _bمختصر كتاب السياسة لافلاطون / _cابن رشد : ابوالوليد محمد بن احمد بن محمد الاندلسى القرطبى |
| 700 | 1 | _aمحمد عابد الجابرى | |
| 260 |
_aالقاهرة : _bمركز دراسات الوحدة العربية ، _c1998 |
||
| 300 |
_a340 ص ؛ _c24 سم |
||
| 490 |
_aسلسلة التراث الفلسفى العربى : مؤلفات ابن رشد _v4 |
||
| 650 | 0 | 4 | _aالفلسفة |
| 650 | 0 | 4 | _aالفلسفة الافلاطونية |
| 650 | 0 | 4 | _aافلاطون |
| 650 | 0 | 4 | _aابن رشد، ابوالوليد محمد بن احمد |
| 942 |
_2ddc _cBK |
||
| 999 |
_c7161 _d7161 |
||